LIBRARY & INFORMATION CENTRE, KCAET, TAVANUR

ONLINE PUBLIC ACCESS CATALOGUE (OPAC)

Ice Cream (Record no. 14241)

MARC details
000 -LEADER
fixed length control field 00298nam a22001337a 4500
020 ## - INTERNATIONAL STANDARD BOOK NUMBER
ISBN 9781461460954
082 ## - DEWEY DECIMAL CLASSIFICATION NUMBER
Classification number 641.862
Item number GOF/IC
100 ## - MAIN ENTRY--AUTHOR NAME
Personal name Goff Douglas, H
-- Hartel Richard, W
245 ## - TITLE STATEMENT
Title Ice Cream
250 ## - EDITION STATEMENT
Edition statement 7
260 ## - PUBLICATION, DISTRIBUTION, ETC. (IMPRINT)
Place of publication New York
Name of publisher Springer
Year of publication 2013
300 ## - PHYSICAL DESCRIPTION
Number of Pages 462
942 ## - ADDED ENTRY ELEMENTS (KOHA)
Koha item type Books
Holdings
Withdrawn status Lost status Damaged status Collection code Home library Current library Shelving location Date acquired Source of acquisition Cost, normal purchase price Full call number Accession Number Koha item type
        KAUAET KAUAET General Stacks 08/06/2016 Neoti , New Delhi 7183.00 641.862 GOF/IC 24483 Books
free website counter